Loading...
| Literature - World | 0 | 4 | 0 | 2 | 40 | 117 | 139.75 | 0 | 0 | 3.34 | 14.32 |
| History - Other | 0 | 3 | 1 | 1 | 25 | 107 | 139.00 | 1 | 1 | 2.37 | 9.71 |
| Literature - American | 0 | 2 | 0 | 1 | 20 | 138 | 154.00 | 0 | 1 | 0.93 | 6.56 |
| Social Science | 0 | 2 | 0 | 0 | 20 | 92 | 103.00 | 0 | 0 | 3.67 | 7.95 |
| Religion | 0 | 2 | 1 | 0 | 15 | 122 | 129.50 | 0 | 0 | 0.68 | 7.18 |
| Fine Arts - Classical Music and Opera | 0 | 1 | 0 | 0 | 10 | 85 | 85.00 | 0 | 1 | 3.45 | 6.51 |
| Fine Arts - Other Arts | 0 | 1 | 0 | 0 | 10 | 127 | 127.00 | 0 | 0 | 0.71 | 4.62 |
| Literature - European | 0 | 1 | 0 | 0 | 10 | 152 | 152.00 | 0 | 0 | 0.00 | 2.75 |
| Mythology | 0 | 1 | 0 | 0 | 10 | 120 | 120.00 | 0 | 1 | 3.44 | 13.27 |
| Other Academic | 0 | 1 | 0 | 0 | 10 | 123 | 123.00 | 0 | 0 | 1.14 | 8.89 |
| History - American | 0 | 2 | 3 | 2 | 5 | 145 | 146.50 | 0 | 0 | 0.00 | 2.88 |
| Literature - British | 0 | 1 | 1 | 0 | 5 | 159 | 159.00 | 0 | 1 | 0.46 | 5.33 |
| History - European | 0 | 1 | 2 | 0 | 0 | 136 | 136.00 | 0 | 0 | 0.27 | 3.08 |
| Fine Arts - Painting and Sculpture | 0 | 0 | 1 | 0 | -5 | 0.00 | 0 | 0 | 0.00 | 0.00 | |
| Philosophy | 0 | 0 | 2 | 0 | -10 | 0.00 | 0 | 0 | 0.00 | 0.00 |